000 00497pab a2200169 454500
008 180718b2015 xxu||||| |||| 00| 0 eng d
100 _aRao, N. Sudhakar
245 _aTribal ethnographies and villages studies in Andhra Pradesh: some observations
260 _c2015
300 _ap.475-495.
362 _aOct-Dec
650 _aRural areas - India - Andhra Pradesh
650 _aTribes - India - Andhra Pradesh
650 _aTribes
773 _aEastern Anthropologist
909 _a110386
999 _c110381
_d110381